Evaluación de las condiciones de operación de un PBR en la hidrólisis de sacarosa

Gorde:
Xehetasun bibliografikoak
Egile nagusia: Alfaro Cubero, Carlos José
Formatua: Liburua
Argitaratua: San José, Costa Rica 2010
Gaiak:
Etiketak: Etiketa erantsi
Etiketarik gabe, Izan zaitez lehena erregistro honi etiketa jartzen!

MARC

LEADER 00000nam a2200000Ia 4500
003 010008
005 20221231144036.0
008 140114s2010 cr a 000 ||s d
040 |c cru CEDI  
090 |a TFG 6181 
100 |a Alfaro Cubero, Carlos José   |9 3029 
245 |a Evaluación de las condiciones de operación de un PBR en la hidrólisis de sacarosa  
260 |a San José, Costa Rica  |c 2010 
500 |a Proyecto de Graduación (licenciatura en ingeniería química)--Universidad de Costa Rica. Facultad de Ingeniería. Escuela de Ingeniería Química 
650 |x ENZIMAS   |x  APLICACIONES INDUSTRIALES  |x JARABES   |x PRODUCCION  |x HIDROLISIS ENZIMATICA   |x BIORREACTORES   |9 3030 
942 |c TFG 
999 |c 16033  |d 16033